[Event "XXXIV Memorial Edoardo Crespi A"]
[Site "Milano ITA"]
[Date "2013.12.04"]
[Round "1"]
[White "Baltzopoulos, Giorgos"]
[Black "Villalba, Fernando"]
[WhiteElo "1975"]
[BlackElo "1835"]
[Result "1-0"]
[PlyCount "47"]
[EventDate "2013.12.04"]

1. d4 d5 2. c4 c6 3. Nf3 Nf6 4. Nc3 g6 5. g3 Bg7 6. Bg2 O-O 7. O-O Nbd7 8. Ne5
Nxe5 9. dxe5 Nd7 10. cxd5 Nxe5 11. Qa4 b5 12. Qh4 Bb7 13. Rd1 Qc7 14. Bg5 f6
15. Bf4 a6 16. Bxe5 Qxe5 17. dxc6 Bc8 18. a4 g5 19. Qb4 bxa4 20. Rxa4 Rb8 21.
Qa3 Be6 22. Rxa6 Rfe8 23. c7 Rbc8 24. Rxe6 1-0

[Event "XXXIV Memorial Edoardo Crespi A"]
[Site "Milano ITA"]
[Date "2013.12.04"]
[Round "1"]
[White "Barberi, Alessandro"]
[Black "Blasco, Domenico"]
[WhiteElo "2041"]
[BlackElo "1886"]
[Result "1-0"]
[PlyCount "65"]
[EventDate "2013.12.04"]

1. d4 Nf6 2. Nf3 e6 3. e3 c5 4. b3 Nc6 5. Bb2 Be7 6. Nbd2 O-O 7. a3 b6 8. Bd3
Bb7 9. O-O cxd4 10. exd4 Qc7 11. Qe2 Rfe8 12. c4 Rad8 13. Rfe1 g6 14. Ne5 Nxe5
15. dxe5 Nh5 16. Be4 d5 17. exd6 Bxd6 18. Bxb7 Qxb7 19. Ne4 Be7 20. Rad1 f5 21.
Ng3 Nf4 22. Qf1 Rxd1 23. Rxd1 Bf8 24. Be5 g5 25. Bxf4 gxf4 26. Nh5 Bg7 27. Nxf4
Qe4 28. g3 Re7 29. Rd8+ Kf7 30. Qd1 Be5 31. Qh5+ Kg7 32. Qg5+ Kf7 33. Qg8+ 1-0

[Event "XXXIV Memorial Edoardo Crespi A"]
[Site "Milano ITA"]
[Date "2013.12.04"]
[Round "1"]
[White "Bonassi, Tommaso"]
[Black "Murli, Almerico"]
[WhiteElo "1970"]
[BlackElo "1817"]
[Result "1-0"]
[PlyCount "37"]
[EventDate "2013.12.04"]

1. e4 g6 2. d4 Bg7 3. Nf3 d6 4. Nc3 Nf6 5. h3 O-O 6. Be3 c6 7. a4 b6 8. Qd2 Qc7
9. O-O-O Nbd7 10. Bh6 e5 11. Bxg7 Kxg7 12. Nh2 a6 13. Ng4 b5 14. Qh6+ Kg8 15.
f4 exf4 16. e5 dxe5 17. dxe5 Nd5 18. Nxd5 cxd5 19. Nf6+ 1-0

[Event "XXXIV Memorial Edoardo Crespi A"]
[Site "Milano ITA"]
[Date "2013.12.04"]
[Round "1"]
[White "Brambilla, Luca Massimo"]
[Black "Moreschi, Mauro"]
[WhiteElo "1704"]
[BlackElo "1811"]
[Result "1-0"]
[PlyCount "77"]
[EventDate "2013.12.04"]

1. d4 b5 2. Nf3 Bb7 3. Bf4 Nf6 4. e3 a6 5. Bd3 e6 6. Nbd2 d5 7. O-O Nbd7 8. c3
Bd6 9. Bg5 h6 10. Bh4 Be7 11. Qb1 O-O 12. e4 c5 13. e5 Ne8 14. Bg3 c4 15. Bc2
Kh8 16. h3 f5 17. exf6 Bxf6 18. Re1 Qb6 19. Bg6 a5 20. Nf1 Ra6 21. Ne5 Bxe5 22.
Bxe5 Nxe5 23. Rxe5 Qd8 24. Qe1 Nc7 25. Ng3 Qf6 26. Bc2 g6 27. Qe3 Kg7 28. Nf1
Qf4 29. Qe2 b4 30. Nh2 Rb6 31. g3 Qf7 32. Ng4 h5 33. Ne3 Qf3 34. Qd2 Rh8 35.
Ng2 Rh6 36. Nf4 bxc3 37. bxc3 Rb2 38. Re3 Qxe3 39. fxe3 1-0

[Event "XXXIV Memorial Edoardo Crespi A"]
[Site "Milano ITA"]
[Date "2013.12.04"]
[Round "1"]
[White "Ciciotti, Augusto"]
[Black "Dogic, Mirhad"]
[WhiteElo "1934"]
[BlackElo "1801"]
[Result "1/2-1/2"]
[PlyCount "79"]
[EventDate "2013.12.04"]

1. d4 d5 2. Nf3 f5 3. g3 e6 4. Bg2 Nf6 5. O-O Be7 6. c4 c6 7. b3 O-O 8. Ba3 Ne4
9. Bxe7 Qxe7 10. Qc2 Nd7 11. Nbd2 Ndf6 12. c5 Bd7 13. Ne5 Be8 14. Ndf3 Rc8 15.
Nd3 Nh5 16. Nfe5 Nhf6 17. Rac1 Ng5 18. a4 Nd7 19. Nxd7 Bxd7 20. Qd2 Nf7 21. f3
e5 22. dxe5 Nxe5 23. Rfe1 Ng6 24. e4 fxe4 25. fxe4 d4 26. Qb2 Rcd8 27. b4 Kh8
28. Qxd4 Bg4 29. Qe3 Ne5 30. Nxe5 Qxe5 31. b5 h6 32. Qc3 Rd4 33. bxc6 bxc6 34.
Qa5 Rf7 35. Qa6 Rd2 36. Rf1 Qd4+ 37. Kh1 Bh3 38. Bxh3 Qxe4+ 39. Kg1 Qe3+ 40.
Kh1 1/2-1/2

[Event "XXXIV Memorial Edoardo Crespi A"]
[Site "Milano ITA"]
[Date "2013.12.04"]
[Round "1"]
[White "Corso, Gabriele"]
[Black "Rossi, Giampiero"]
[WhiteElo "1769"]
[BlackElo "1900"]
[Result "1-0"]
[PlyCount "45"]
[EventDate "2013.12.04"]

1. e4 c5 2. Nf3 e6 3. c3 d5 4. e5 d4 5. Na3 dxc3 6. dxc3 Qxd1+ 7. Kxd1 a6 8.
Be3 Nd7 9. Bd3 Ne7 10. Nc4 Ng6 11. a4 Be7 12. h4 O-O 13. h5 Nh8 14. Ng5 Bxg5
15. Bxg5 f6 16. exf6 Nxf6 17. Be3 Ng4 18. Bxc5 Nxf2+ 19. Kc2 Nxh1 20. Bxf8 Ng3
21. Bd6 Nxh5 22. Nb6 Nf7 23. Bc7 1-0

[Event "XXXIV Memorial Edoardo Crespi A"]
[Site "Milano ITA"]
[Date "2013.12.04"]
[Round "1"]
[White "D'Agostino, Maurizio"]
[Black "Tagliaferri, Valerio"]
[WhiteElo "2024"]
[BlackElo "1874"]
[Result "1/2-1/2"]
[PlyCount "74"]
[EventDate "2013.12.04"]

1. Nf3 d5 2. d4 e6 3. Nbd2 c5 4. e3 Nc6 5. b3 Nf6 6. Bb2 Bd7 7. a3 Rc8 8. Bd3
a6 9. O-O b5 10. c4 bxc4 11. bxc4 Rb8 12. Bc3 dxc4 13. Bxc4 cxd4 14. exd4 Nd5
15. Bxd5 exd5 16. Qe2+ Be7 17. Ne5 O-O 18. Ndf3 Nxe5 19. Qxe5 Rb3 20. Bb4 Bxb4
21. axb4 Bb5 22. Rfb1 Rxb1+ 23. Rxb1 Re8 24. Qf5 g6 25. Qf4 Re4 26. Qh6 f6 27.
h4 Qf8 28. Qd2 Qe7 29. Rc1 Bc4 30. Qc3 Qa7 31. Re1 Qe7 32. Re3 Kf7 33. Nd2 Rxe3
34. fxe3 Bb5 35. Kf2 Kg7 36. Qc5 Qd7 37. Nf3 h5 1/2-1/2

[Event "XXXIV Memorial Edoardo Crespi A"]
[Site "Milano ITA"]
[Date "2013.12.04"]
[Round "1"]
[White "Darvishi, Mahmood"]
[Black "Beltrami, Francesco"]
[WhiteElo "2035"]
[BlackElo "1883"]
[Result "1-0"]
[PlyCount "65"]
[EventDate "2013.12.04"]

1. e4 c5 2. Nf3 Nc6 3. c3 d5 4. exd5 Qxd5 5. d4 Bg4 6. Be2 cxd4 7. cxd4 e6 8.
O-O Rd8 9. Be3 Nf6 10. Qa4 a6 11. a3 Be7 12. Rd1 O-O 13. Nc3 Qa5 14. Qc4 Rc8
15. b4 Qc7 16. Rac1 b5 17. Qa2 Qb7 18. h3 Bh5 19. d5 exd5 20. Nxd5 Bg6 21.
Nxe7+ Nxe7 22. Ne5 Rxc1 23. Bxc1 Be4 24. Bf1 Bd5 25. Qa1 Nd7 26. Qd4 Nxe5 27.
Qxe5 f6 28. Qd6 Bf7 29. g4 h5 30. Bg2 Qc8 31. Qxe7 hxg4 32. hxg4 Qc2 33. Rf1
1-0

[Event "XXXIV Memorial Edoardo Crespi A"]
[Site "Milano ITA"]
[Date "2013.12.04"]
[Round "1"]
[White "Donadi, Luca"]
[Black "Di Lascio, Savino"]
[WhiteElo "1750"]
[BlackElo "1893"]
[Result "0-1"]
[PlyCount "170"]
[EventDate "2013.12.04"]

1. e4 c6 2. d4 d5 3. Nc3 dxe4 4. Nxe4 Nf6 5. Ng3 h5 6. h4 e5 7. Nf3 exd4 8.
Qxd4 Qxd4 9. Nxd4 Bc5 10. Nb3 Bd6 11. Be2 Bg4 12. Bxg4 hxg4 13. Nf5 Bf8 14. Be3
g6 15. Bd4 Nbd7 16. Ng3 O-O-O 17. O-O-O Bh6+ 18. Kb1 Rhe8 19. Rhe1 Bf4 20. Ne2
Bc7 21. Nc3 b6 22. a4 g3 23. Rxe8 Rxe8 24. Nd2 Ng4 25. fxg3 Bxg3 26. Nf3 c5 27.
Bg1 Nde5 28. Ne4 Nxf3 29. gxf3 Bf4 30. Nxc5 Ne3 31. Bxe3 Rxe3 32. Nd3 Bg3 33.
f4 Rf3 34. Rh1 Bxf4 35. h5 gxh5 36. Rxh5 Rf1+ 37. Ka2 Bd6 38. Rh8+ Kc7 39. b4
a6 40. Ra8 Kb7 41. Rd8 Bc7 42. Rd7 Kc6 43. Re7 Kd6 44. Re8 Rf5 45. Kb3 Kd7 46.
Ra8 a5 47. bxa5 bxa5 48. Ra6 f6 49. Kc4 Bd6 50. Ra7+ Kc6 51. Ra6+ Kc7 52. Ra7+
Kb6 53. Rd7 Kc6 54. Ra7 Bc7 55. Ra6+ Bb6 56. Ra8 Rf1 57. Rf8 Bc7 58. Rc8 f5 59.
Rf8 f4 60. Rf6+ Kd7 61. Nc5+ Ke7 62. Ra6 f3 63. Ra7 Kd6 64. Ne4+ Kc6 65. Ra6+
Bb6 66. Ra8 Rd1 67. Ng3 Rg1 68. Ne4 Rd1 69. Ng3 Rd4+ 70. Kb3 Rg4 71. Nf1 Rg1
72. Nd2 f2 73. Rf8 Be3 74. Rf6+ Kd5 75. Nc4 Bc5 76. Nd2 Rd1 77. Rf5+ Ke6 78.
Rxc5 Rxd2 79. Rc6+ Ke5 80. Rc8 f1=Q 81. Re8+ Kd6 82. Rd8+ Kc5 83. Rxd2 Qb1+ 84.
Kc3 Qb4+ 85. Kd3 Qxa4 0-1

[Event "XXXIV Memorial Edoardo Crespi A"]
[Site "Milano ITA"]
[Date "2013.12.04"]
[Round "1"]
[White "Malescusi, Luciano"]
[Black "Montilli, Vincenzo"]
[WhiteElo "1884"]
[BlackElo "2039"]
[Result "0-1"]
[PlyCount "82"]
[EventDate "2013.12.04"]

1. d4 Nf6 2. Bf4 d6 3. Nf3 g6 4. e3 Bg7 5. Be2 O-O 6. O-O Nfd7 7. h3 Nc6 8. Bh2
e5 9. c4 e4 10. Nfd2 f5 11. Nc3 Nf6 12. Rb1 Qe7 13. b4 g5 14. Qc2 Kh8 15. Nd5
Qf7 16. Nxf6 Bxf6 17. a4 h5 18. g4 hxg4 19. hxg4 Qh7 20. Kg2 Kg7 21. Rh1 Qg6
22. f3 exf3+ 23. Bxf3 Re8 24. Bg1 fxg4 25. Qxg6+ Kxg6 26. Be4+ Rxe4 27. Nxe4
Bf5 28. Nd2 Bxb1 29. Nxb1 Nxb4 30. Nc3 c6 31. Ne4 d5 32. cxd5 Nxd5 33. Bf2 Re8
34. Nxf6 Nxf6 35. Rb1 Re7 36. Rb3 Kf5 37. Bg3 Nd5 38. Be5 Ke4 39. Kg3 Nxe3 40.
Bf6 Rf7 41. Bxg5 Rf3+ 0-1

[Event "XXXIV Memorial Edoardo Crespi A"]
[Site "Milano ITA"]
[Date "2013.12.04"]
[Round "1"]
[White "Marincolo, Piercarlo"]
[Black "Cerutti, Fabio Maria"]
[WhiteElo "1905"]
[BlackElo "1772"]
[Result "0-1"]
[PlyCount "118"]
[EventDate "2013.12.04"]

1. d4 Nf6 2. Nc3 d5 3. Bg5 Bf5 4. e3 e6 5. Nf3 Be7 6. Bd3 Bg6 7. O-O O-O 8. Ne5
Bxd3 9. Qxd3 Nbd7 10. f4 Nxe5 11. fxe5 Nd7 12. Bxe7 Qxe7 13. Rf3 f6 14. Rh3 g6
15. exf6 Nxf6 16. Rf3 Ng4 17. e4 Qh4 18. h3 Nf2 19. Qe2 Rxf3 20. Qxf3 Rf8 21.
Qe3 Nxe4 22. Nxe4 Qxe4 23. Qxe4 dxe4 24. Re1 Rf6 25. Rxe4 Kf7 26. c4 a5 27. g4
g5 28. Kg2 Ke7 29. Re5 h6 30. Rxa5 Rf4 31. Ra7 Rxd4 32. Rxb7 Rxc4 33. Kf3 Kd6
34. Rb8 Rf4+ 35. Ke3 Kd5 36. Rd8+ Kc5 37. Rg8 Rf6 38. Ke4 Kd6 39. Rd8+ Ke7 40.
Ra8 Rf2 41. b3 Rh2 42. a4 Rxh3 43. Rb8 Rg3 44. a5 Rxg4+ 45. Kf3 Rg1 46. a6 Ra1
47. Ra8 Ra3 48. Kg4 Rxb3 49. a7 Ra3 50. Kh5 Ra1 51. Kxh6 g4 52. Rg8 Rxa7 53.
Rxg4 Ra5 54. Rc4 Kd6 55. Kg6 Rf5 56. Ra4 c5 57. Ra6+ Kd5 58. Ra5 Rf4 59. Ra2 c4
0-1

[Event "XXXIV Memorial Edoardo Crespi A"]
[Site "Milano ITA"]
[Date "2013.12.04"]
[Round "1"]
[White "Miracola, Giorgia"]
[Black "Ventura, Salvatore"]
[WhiteElo "1866"]
[BlackElo "2024"]
[Result "0-1"]
[PlyCount "62"]
[EventDate "2013.12.04"]

1. e4 c5 2. Nf3 Nc6 3. d4 cxd4 4. Nxd4 g6 5. c4 Bg7 6. Nc2 Nf6 7. Nc3 d6 8. Be2
Nd7 9. O-O Bxc3 10. bxc3 Qa5 11. Bd2 Nc5 12. f3 Be6 13. Ne3 Rc8 14. Nd5 O-O 15.
Re1 f5 16. Bf1 fxe4 17. fxe4 Rf7 18. Bg5 Bxd5 19. cxd5 Ne5 20. c4 Ncd7 21. Bd2
Qc7 22. Rc1 Nb6 23. Kh1 Nbxc4 24. Bxc4 Nxc4 25. Qg4 b5 26. Bf4 Rcf8 27. Bh6 Qc8
28. Qe6 Re8 29. Rf1 Qxe6 30. dxe6 Rf6 31. Rb1 a6 0-1

[Event "XXXIV Memorial Edoardo Crespi A"]
[Site "Milano ITA"]
[Date "2013.12.04"]
[Round "1"]
[White "Monticone, Sonia"]
[Black "Virzi, Ettore"]
[WhiteElo "1830"]
[BlackElo "1973"]
[Result "1/2-1/2"]
[PlyCount "44"]
[EventDate "2013.12.04"]

1. c4 Nf6 2. Nc3 d5 3. cxd5 Nxd5 4. e4 Nxc3 5. dxc3 Qxd1+ 6. Kxd1 e5 7. Be3 Be6
8. Nf3 f6 9. Kc2 Nd7 10. Nd2 Bc5 11. Bxc5 Nxc5 12. b4 Nd7 13. Bc4 Ke7 14. Bxe6
Kxe6 15. Nc4 b5 16. Ne3 Nb6 17. Rad1 Rad8 18. g4 g6 19. h4 c6 20. h5 g5 21.
Rxd8 Rxd8 22. Rd1 Rxd1 1/2-1/2

[Event "XXXIV Memorial Edoardo Crespi A"]
[Site "Milano ITA"]
[Date "2013.12.04"]
[Round "1"]
[White "Oteri, Aldo"]
[Black "Bisignano, Giuseppe"]
[WhiteElo "1776"]
[BlackElo "1922"]
[Result "1-0"]
[PlyCount "39"]
[EventDate "2013.12.04"]

1. e4 e5 2. Nf3 Nf6 3. Nxe5 d6 4. Nf3 Nxe4 5. Bc4 d5 6. Qe2 Be7 7. d3 Nf6 8.
Bb3 O-O 9. O-O c5 10. Re1 Re8 11. Bg5 Qb6 12. Nc3 Be6 13. Bxf6 gxf6 14. Nxd5
Bxd5 15. Bxd5 Nd7 16. Nh4 Ne5 17. Qh5 Bf8 18. Rxe5 Rxe5 19. Qxf7+ Kh8 20. Qg8#
1-0

[Event "XXXIV Memorial Edoardo Crespi A"]
[Site "Milano ITA"]
[Date "2013.12.04"]
[Round "1"]
[White "Paganini, Andrea"]
[Black "Mouflih, Caesar Faycal"]
[WhiteElo "1878"]
[BlackElo "2026"]
[Result "1-0"]
[PlyCount "69"]
[EventDate "2013.12.04"]

1. e4 e5 2. Nf3 Nc6 3. Nc3 Nf6 4. g3 d5 5. exd5 Nxd5 6. Bg2 Nxc3 7. bxc3 Bd6 8.
d3 Ne7 9. O-O O-O 10. Re1 f6 11. Rb1 c6 12. d4 Ng6 13. h4 exd4 14. cxd4 Qc7 15.
c4 Bf5 16. Rb3 Rfe8 17. Rbe3 Rxe3 18. Rxe3 Rd8 19. Qe2 Qf7 20. h5 Nf8 21. c5
Bb8 22. Re7 Qxh5 23. Rxg7+ Kxg7 24. Qe7+ Qf7 25. Bh6+ Kg8 26. Qxd8 Bc7 27. Qa8
Ba5 28. d5 Bd7 29. Nd4 Qe8 30. Qxb7 Bc3 31. Nf3 Kf7 32. dxc6 Qc8 33. Qb3+ Be6
34. Qxc3 Qxc6 35. Ne5+ 1-0

[Event "XXXIV Memorial Edoardo Crespi A"]
[Site "Milano ITA"]
[Date "2013.12.04"]
[Round "1"]
[White "Papale, Carmelo"]
[Black "Ranfagni, Stefano"]
[WhiteElo "1838"]
[BlackElo "2015"]
[Result "0-1"]
[PlyCount "88"]
[EventDate "2013.12.04"]

1. e4 e5 2. Nf3 Nc6 3. Bb5 a6 4. Ba4 Nf6 5. O-O Be7 6. c3 d6 7. Re1 Bg4 8. d3
O-O 9. Nbd2 b5 10. Bb3 Na5 11. Bc2 c5 12. Nf1 d5 13. Qe2 d4 14. Ng3 Nc6 15. h3
Bxf3 16. Qxf3 g6 17. Bg5 Ne8 18. Bh6 Ng7 19. Bb3 Bg5 20. Bxg5 Qxg5 21. a4 b4
22. cxb4 Nxb4 23. Red1 h5 24. Rac1 Rac8 25. Bc4 Rc6 26. Qe2 Rf6 27. Nf1 h4 28.
Nh2 Nh5 29. Qg4 Qf4 30. Qxf4 Nxf4 31. Kf1 Re8 32. Ng4 Rb6 33. b3 Kg7 34. Rd2 f5
35. exf5 gxf5 36. Nh2 e4 37. dxe4 fxe4 38. Ng4 e3 39. fxe3 dxe3 40. Rd7+ Kh8
41. Be2 Rf8 42. Bf3 e2+ 43. Kg1 Nbd3 44. Be4 Nxc1 0-1

[Event "XXXIV Memorial Edoardo Crespi A"]
[Site "Milano ITA"]
[Date "2013.12.04"]
[Round "1"]
[White "Pecorario, Stefano"]
[Black "Pedroni, Marco"]
[WhiteElo "1800"]
[BlackElo "1923"]
[Result "1-0"]
[PlyCount "51"]
[EventDate "2013.12.04"]

1. e4 e6 2. Nf3 d5 3. e5 c5 4. b4 cxb4 5. a3 Nc6 6. axb4 Bxb4 7. c3 Be7 8. d4
Bd7 9. Bd3 f5 10. O-O Na5 11. Re1 b5 12. Bxf5 exf5 13. e6 Bxe6 14. Rxe6 Kf7 15.
Ra6 Nc4 16. Qe2 g6 17. Na3 Nxa3 18. Bxa3 Qc8 19. Bxe7 Nxe7 20. Ng5+ Kf8 21. Qe5
Rg8 22. Nxh7+ Kf7 23. Ng5+ Kf8 24. Re1 Qd7 25. Rd6 Qb7 26. Qf6+ 1-0

[Event "XXXIV Memorial Edoardo Crespi A"]
[Site "Milano ITA"]
[Date "2013.12.04"]
[Round "1"]
[White "Piantoni, Pierino"]
[Black "Prevedello, Daniele"]
[WhiteElo "1898"]
[BlackElo "1769"]
[Result "0-1"]
[PlyCount "62"]
[EventDate "2013.12.04"]

1. c4 c6 2. Nf3 d5 3. g3 Nf6 4. Bg2 g6 5. Na3 Bg7 6. O-O O-O 7. d3 Nbd7 8. Qc2
dxc4 9. Nxc4 Nd5 10. Bd2 e5 11. e4 Nc7 12. Bc3 Qe7 13. d4 exd4 14. Bxd4 Bxd4
15. Nxd4 Ne5 16. Nxe5 Qxe5 17. Ne2 Re8 18. f4 Qh5 19. Rae1 Bh3 20. f5 Bxg2 21.
Kxg2 Rad8 22. Nf4 Qg5 23. h4 Qe7 24. a4 Rd4 25. Kf3 Red8 26. Re2 Na6 27. Qc3
Nc5 28. Qa3 Rd3+ 29. Nxd3 Rxd3+ 30. Qxd3 Nxd3 31. Ke3 Nc5 0-1

[Event "XXXIV Memorial Edoardo Crespi A"]
[Site "Milano ITA"]
[Date "2013.12.04"]
[Round "1"]
[White "Podetti, Davide"]
[Black "Delledonne, Francesco"]
[WhiteElo "1802"]
[BlackElo "1935"]
[Result "1-0"]
[PlyCount "77"]
[EventDate "2013.12.04"]

1. e4 c5 2. Nc3 d6 3. f4 Nc6 4. Nf3 Nf6 5. d3 g6 6. g3 Bg7 7. Bg2 O-O 8. O-O
Bg4 9. h3 Bxf3 10. Bxf3 Rb8 11. g4 Nd4 12. f5 b5 13. Bg2 b4 14. Ne2 Nxe2+ 15.
Qxe2 Nd7 16. h4 e6 17. h5 Bd4+ 18. Be3 Bxb2 19. Rab1 Bd4 20. Bxd4 cxd4 21. Qf2
Qf6 22. Qd2 gxh5 23. g5 Qe5 24. Qe2 h4 25. Qh5 Qc5 26. Rf2 Rbe8 27. Bh3 Qe5 28.
Qxh4 a5 29. Rbf1 Kh8 30. Bg4 Qg7 31. f6 Qg6 32. Bh5 Qg8 33. Rh2 Ne5 34. Rff2
Ng6 35. Qh3 e5 36. Rh1 Nf4 37. Qf5 Nxh5 38. Rxh5 Qg6 39. Rfh2 1-0

[Event "XXXIV Memorial Edoardo Crespi A"]
[Site "Milano ITA"]
[Date "2013.12.04"]
[Round "1"]
[White "Saffioti, Cristian"]
[Black "Spirliadis, Achileas"]
[WhiteElo "1887"]
[BlackElo "2053"]
[Result "0-1"]
[PlyCount "98"]
[EventDate "2013.12.04"]

1. e4 e6 2. d4 d5 3. Nc3 Bb4 4. Bd2 Bxc3 5. bxc3 dxe4 6. Qg4 Nf6 7. Qxg7 Rg8 8.
Qh6 c5 9. Nh3 cxd4 10. Ng5 e3 11. fxe3 Ng4 12. Nxf7 Nxh6 13. Nxd8 Kxd8 14. cxd4
Nc6 15. Rg1 Bd7 16. Bd3 Nf5 17. Rb1 Kc7 18. g4 h5 19. g5 Raf8 20. Be4 Nd6 21.
Bd3 Be8 22. Ke2 Bg6 23. Bxg6 Rxg6 24. h4 Ne4 25. Be1 Ne7 26. Rg2 e5 27. Kd3 Nd6
28. dxe5 Ndf5 29. e4 Rd8+ 30. Ke2 Nd4+ 31. Ke3 Rc6 32. c3 Ne6 33. Rf2 Ng6 34.
Rf7+ Rd7 35. Rxd7+ Kxd7 36. Rd1+ Kc7 37. Rd5 Nef4 38. Kd4 Nxd5 39. exd5 Ra6 40.
Ke4 Kd7 41. e6+ Ke8 42. Bg3 Ra4+ 43. Kf5 Ne7+ 44. Ke5 Rxa2 45. d6 Rg2 46. Bf4
Ng6+ 47. Kf5 Nxf4 48. Kxf4 a5 49. Kf5 a4 0-1

[Event "XXXIV Memorial Edoardo Crespi A"]
[Site "Milano ITA"]
[Date "2013.12.04"]
[Round "1"]
[White "Saffioti, Massimo"]
[Black "Laurino, Alberto"]
[WhiteElo "1923"]
[BlackElo "1787"]
[Result "1-0"]
[PlyCount "61"]
[EventDate "2013.12.04"]

1. c4 e6 2. e4 b6 3. Nc3 Bb7 4. g3 g6 5. Bg2 Bg7 6. Nge2 Nf6 7. O-O O-O 8. e5
Bxg2 9. exf6 Bxf1 10. fxg7 Kxg7 11. Kxf1 Nc6 12. d4 Ne7 13. Bf4 d6 14. Qd2 Kg8
15. Ne4 f6 16. h4 Nf5 17. Kg2 d5 18. cxd5 Qxd5 19. f3 Nd6 20. Bxd6 cxd6 21. Nf4
Qc6 22. Nxe6 Rf7 23. Rc1 Qe8 24. d5 Rd8 25. Qh6 Rdd7 26. Qf4 f5 27. Nxd6 Rxd6
28. Qxd6 Rd7 29. Qe5 Re7 30. Rc7 Qa4 31. Rc8+ 1-0

[Event "XXXIV Memorial Edoardo Crespi A"]
[Site "Milano ITA"]
[Date "2013.12.04"]
[Round "1"]
[White "Sannino, Raffaele"]
[Black "Pedemonte, Claudio"]
[WhiteElo "2018"]
[BlackElo "1846"]
[Result "0-1"]
[PlyCount "64"]
[EventDate "2013.12.04"]

1. Nf3 Nf6 2. c4 d6 3. Nc3 e5 4. d4 e4 5. Ng5 Bf5 6. Qb3 b6 7. c5 d5 8. cxb6
axb6 9. Bf4 h6 10. Nh3 Bd6 11. Rc1 Bxf4 12. Nxf4 c6 13. Na4 b5 14. Nc3 O-O 15.
e3 Nbd7 16. Be2 Nb6 17. O-O Nc4 18. Qc2 Ra6 19. a4 Be6 20. b3 Nd6 21. axb5 cxb5
22. Nxb5 Rb6 23. Nc3 Qb8 24. Rb1 Rc8 25. Qb2 Rc7 26. Na4 Rb4 27. Nc5 Rc6 28.
Nfxe6 fxe6 29. Na6 Rxa6 30. Bxa6 Ng4 31. Be2 Nc4 32. Qa2 Qxh2# 0-1

[Event "XXXIV Memorial Edoardo Crespi A"]
[Site "Milano ITA"]
[Date "2013.12.05"]
[Round "2"]
[White "Beltrami, Francesco"]
[Black "Sannino, Raffaele"]
[WhiteElo "1883"]
[BlackElo "2018"]
[Result "0-1"]
[PlyCount "70"]
[EventDate "2013.12.04"]

1. Nf3 d5 2. g3 Nc6 3. d4 Nf6 4. Bg2 Bf5 5. c3 Qd7 6. h4 O-O-O 7. Ng5 e5 8.
dxe5 Nxe5 9. Qd4 Nc6 10. Qa4 Bc5 11. Nd2 Ng4 12. O-O h6 13. Ngf3 g5 14. Nb3 Bb6
15. hxg5 hxg5 16. Bxg5 Rdg8 17. Bh4 Be4 18. Nbd4 Nxd4 19. Qxd7+ Kxd7 20. cxd4
f5 21. Rad1 c6 22. Bh3 Rh5 23. Bxg4 fxg4 24. Ne5+ Ke6 25. Kh2 Bc7 26. f4 gxf3
27. exf3 Bh7 28. Ng4 Rxh4+ 29. Kg2 Rhxg4 30. fxg4 Rxg4 31. Rde1+ Be4+ 32. Kh3
Rxg3+ 33. Kh4 Rg2 34. Rg1 Rh2+ 35. Kg5 Rxb2 0-1

[Event "XXXIV Memorial Edoardo Crespi A"]
[Site "Milano ITA"]
[Date "2013.12.05"]
[Round "2"]
[White "Bisignano, Giuseppe"]
[Black "Papale, Carmelo"]
[WhiteElo "1922"]
[BlackElo "1838"]
[Result "1-0"]
[PlyCount "101"]
[EventDate "2013.12.04"]

1. e4 c5 2. Nf3 d6 3. Nc3 a6 4. d4 cxd4 5. Nxd4 Nf6 6. Bc4 e6 7. Bb3 Be7 8. O-O
O-O 9. Be3 Nc6 10. a3 Qc7 11. f4 Nxd4 12. Bxd4 b5 13. Qd3 Bb7 14. Rae1 Rfd8 15.
Qh3 d5 16. e5 Ne4 17. f5 Bc5 18. Qe3 Bxd4 19. Qxd4 Nxc3 20. bxc3 Rac8 21. fxe6
fxe6 22. Qg4 Qe7 23. Rf6 Rxc3 24. Qxe6+ Qxe6 25. Rxe6 Kf7 26. Rb6 Rc7 27. Kf2
Ke7 28. Ke3 d4+ 29. Kd2 Bc8 30. Rf1 Rf8 31. Rxf8 Kxf8 32. Rd6 Rd7 33. Rxd7 Bxd7
34. Kd3 Ke7 35. Kxd4 g5 36. Kc5 h5 37. Kb6 Bc8 38. c4 Be6 39. Kc5 g4 40. a4
bxa4 41. Bxa4 Bf5 42. Bc6 a5 43. Bd5 Bd7 44. Kd4 a4 45. c5 a3 46. Kc3 a2 47.
Bxa2 Bc6 48. g3 Kd7 49. Kd4 Bf3 50. Bd5 Be2 51. e6+ 1-0

[Event "XXXIV Memorial Edoardo Crespi A"]
[Site "Milano ITA"]
[Date "2013.12.05"]
[Round "2"]
[White "Blasco, Domenico"]
[Black "Donadi, Luca"]
[WhiteElo "1886"]
[BlackElo "1750"]
[Result "1-0"]
[PlyCount "21"]
[EventDate "2013.12.04"]

1. d4 Nf6 2. Nf3 g6 3. Nc3 d5 4. Bf4 Bg7 5. Qd2 Nbd7 6. Nb5 e5 7. dxe5 Nh5 8.
Bg5 f6 9. exf6 Bxf6 10. Qxd5 Rf8 11. Qe6+ 1-0

[Event "XXXIV Memorial Edoardo Crespi A"]
[Site "Milano ITA"]
[Date "2013.12.05"]
[Round "2"]
[White "Cerutti, Fabio Maria"]
[Black "Baltzopoulos, Giorgos"]
[WhiteElo "1772"]
[BlackElo "1975"]
[Result "0-1"]
[PlyCount "64"]
[EventDate "2013.12.04"]

1. e4 e5 2. Nf3 Nc6 3. Bb5 a6 4. Bxc6 dxc6 5. O-O Bg4 6. h3 Bh5 7. d3 Bd6 8.
Be3 Ne7 9. d4 exd4 10. Bxd4 f6 11. Re1 c5 12. Bc3 O-O 13. Nbd2 b5 14. b3 Nc6
15. g4 Bf7 16. e5 fxe5 17. Nxe5 Nxe5 18. Bxe5 Qh4 19. Qf3 Bg6 20. Qg3 Qxg3+ 21.
Bxg3 Bxc2 22. Rac1 Bg6 23. Ne4 Bxe4 24. Rxe4 Rae8 25. Rce1 Kf7 26. Kg2 Rxe4 27.
Rxe4 Re8 28. Bxd6 Rxe4 29. Bxc7 Re2 30. Bb6 c4 31. bxc4 bxc4 32. a4 c3 0-1

[Event "XXXIV Memorial Edoardo Crespi A"]
[Site "Milano ITA"]
[Date "2013.12.05"]
[Round "2"]
[White "Corso, Gabriele"]
[Black "Bonassi, Tommaso"]
[WhiteElo "1769"]
[BlackElo "1970"]
[Result "1/2-1/2"]
[PlyCount "39"]
[EventDate "2013.12.04"]

1. e4 c5 2. Nf3 d6 3. Bb5+ Bd7 4. Bxd7+ Qxd7 5. O-O Nc6 6. Qe2 g6 7. Rd1 Bg7 8.
c3 e5 9. Na3 Nge7 10. Nc2 O-O 11. d4 Qc7 12. dxc5 dxc5 13. Be3 b6 14. Rd3 Rad8
15. Rad1 h6 16. Rxd8 Rxd8 17. Rxd8+ Nxd8 18. Na3 Ne6 19. Qd2 Kh7 20. Nc4
1/2-1/2

[Event "XXXIV Memorial Edoardo Crespi A"]
[Site "Milano ITA"]
[Date "2013.12.05"]
[Round "2"]
[White "Delledonne, Francesco"]
[Black "Malescusi, Luciano"]
[WhiteElo "1935"]
[BlackElo "1884"]
[Result "1/2-1/2"]
[PlyCount "49"]
[EventDate "2013.12.04"]

1. e4 d6 2. d4 Nf6 3. Nc3 c6 4. Nf3 Bg4 5. h3 Bh5 6. a4 a5 7. Be2 e6 8. O-O Be7
9. Be3 O-O 10. Nd2 Bxe2 11. Qxe2 d5 12. e5 Nfd7 13. Qg4 f5 14. exf6 Rxf6 15.
Bg5 Rg6 16. Bxe7 Qxe7 17. Qe2 e5 18. dxe5 Qxe5 19. Nf3 Qxe2 20. Nxe2 Re6 21.
Ned4 Re8 22. Rfe1 Na6 23. Nb3 Ndc5 24. Nxc5 Nxc5 25. Ne5 1/2-1/2

[Event "XXXIV Memorial Edoardo Crespi A"]
[Site "Milano ITA"]
[Date "2013.12.05"]
[Round "2"]
[White "Di Lascio, Savino"]
[Black "Barberi, Alessandro"]
[WhiteElo "1893"]
[BlackElo "2041"]
[Result "1-0"]
[PlyCount "70"]
[EventDate "2013.12.04"]

1. b4 e6 2. Bb2 Nf6 3. a3 b6 4. c4 c5 5. bxc5 bxc5 6. Nf3 Nc6 7. g3 Be7 8. Bg2
Rb8 9. Qc2 O-O 10. O-O Qb6 11. Bc3 Nd4 12. Nxd4 cxd4 13. Bb4 d6 14. d3 a5 15.
Bd2 Nd7 16. a4 Bb7 17. Na3 Bxg2 18. Kxg2 Rfc8 19. f3 d5 20. Rfb1 Bb4 21. Qa2
Qc5 22. cxd5 Bxd2 23. Rxb8 Nxb8 24. Qxd2 Qxd5 25. Nc4 Rc5 26. Rb1 Nc6 27. Rb6
g5 28. g4 h6 29. h4 f5 30. gxf5 Qxf5 31. hxg5 hxg5 32. Nd6 Qf4 33. Qxf4 gxf4
34. Nb7 Rc2 35. Kf2 Kf7 1-0